[Event "Russian Championship B21 2021"]
[Site "?"]
[Date "2021.04.21"]
[Round "1.1"]
[White "Vetokhin, Savva"]
[Black "Lobanov, Sergei"]
[Result "1/2-1/2"]
[WhiteElo "2261"]
[BlackElo "2520"]
[PlyCount "104"]
[EventDate "2021.??.??"]

1. e4 c6 2. d4 d5 3. e5 Bf5 4. Nd2 e6 5. Nb3 Ne7 6. Nf3 h6 7. Be2 Bh7 8. O-O
Nf5 9. a4 Nd7 10. a5 a6 11. c4 dxc4 12. Bxc4 Bb4 13. Bd2 Qe7 14. Qe1 Bxd2 15.
Qxd2 O-O 16. Qc3 Rfd8 17. Rfe1 Qf8 18. Nfd2 Ne7 19. Qb4 Rab8 20. Rac1 c5 21.
dxc5 Nc6 22. Qc3 Nxc5 23. Nxc5 Qxc5 24. Nb3 Qb4 25. Qxb4 Nxb4 26. Nc5 Bd3 27.
h3 Rd4 28. Bxd3 Nxd3 29. Rcd1 Rbd8 30. Re4 Rxe4 31. Nxe4 Rd7 32. b4 Kf8 33. f4
Ke7 34. Nd6 Nxf4 35. Rf1 Ne2+ 36. Kh2 f6 37. Nc8+ Kf7 38. Nd6+ Ke7 39. Nc8+ Kf7
40. Nd6+ Kg6 41. exf6 gxf6 42. Ne4 f5 43. Nc5 Re7 44. Rd1 Nc3 45. Rd6 Kf6 46.
Nd7+ Kf7 47. Ne5+ Kg7 48. g4 fxg4 49. hxg4 Kf6 50. Nd3 Kg5 51. Rd4 Nd5 52. Kg3
h5 1/2-1/2

[Event "Russian Championship B21 2021"]
[Site "?"]
[Date "2021.04.21"]
[Round "1.2"]
[White "Nesterov, Arseniy"]
[Black "Zhafyarov, Adel"]
[Result "1/2-1/2"]
[WhiteElo "2482"]
[BlackElo "2252"]
[PlyCount "81"]
[EventDate "2021.??.??"]

1. e4 e5 2. Nf3 Nf6 3. d4 Nxe4 4. Bd3 d5 5. Nxe5 Nd7 6. Nxd7 Bxd7 7. O-O Bd6 8.
Nc3 Nxc3 9. bxc3 O-O 10. Qh5 f5 11. Re1 Qf6 12. Qf3 c6 13. Bf4 Rae8 14. c4 dxc4
15. Bxc4+ Kh8 16. c3 b5 17. Bf1 a5 18. Qg3 Bxf4 19. Qxf4 Re4 20. Qd2 b4 21.
Rad1 Qd6 22. Rxe4 fxe4 23. cxb4 axb4 24. Bc4 Ra8 25. Re1 Bf5 26. h3 h6 27. Bb3
Rd8 28. Rc1 Be6 29. Bxe6 Qxe6 30. Rc5 Ra8 31. Qxb4 e3 32. fxe3 Qxe3+ 33. Kh1
Qf2 34. a3 Qf1+ 35. Kh2 Qf4+ 36. Kh1 Qf1+ 37. Kh2 Qf4+ 38. Kh1 Qf1+ 39. Kh2
Qf4+ 40. Kh1 Qf1+ 41. Kh2 1/2-1/2

[Event "Russian Championship B21 2021"]
[Site "?"]
[Date "2021.04.21"]
[Round "1.4"]
[White "Makarian, Rudik"]
[Black "Akhtariev, Andrey"]
[Result "1-0"]
[WhiteElo "2468"]
[BlackElo "2190"]
[PlyCount "193"]
[EventDate "2021.??.??"]

1. d4 Nf6 2. c4 e6 3. g3 Bb4+ 4. Bd2 Qe7 5. Bg2 Nc6 6. e3 O-O 7. Ne2 e5 8. d5
Nb8 9. O-O a5 10. a3 Bxd2 11. Nxd2 d6 12. Nc3 Bd7 13. b4 axb4 14. axb4 Rxa1 15.
Qxa1 Na6 16. Qa3 h5 17. Nb3 Ne8 18. c5 dxc5 19. bxc5 f5 20. Ra1 Bc8 21. Nb5 f4
22. Na7 Qd8 23. exf4 exf4 24. Na5 fxg3 25. fxg3 h4 26. Nxc8 Qxc8 27. d6 Qf5 28.
Rf1 Qe6 29. Rd1 Nf6 30. Nxb7 Kh8 31. gxh4 cxd6 32. cxd6 Nb8 33. Nc5 Qg4 34. Qf3
Qc4 35. Qf5 Rd8 36. Ne6 Re8 37. Nf4 Nbd7 38. Kh1 Qa4 39. Ng6+ Kg8 40. Bd5+ Nxd5
41. Qxd5+ Kh7 42. Qh5+ Kg8 43. Ne7+ Kf8 44. Rf1+ Nf6 45. Qd5 Rxe7 46. dxe7+
Kxe7 47. Re1+ Kf8 48. Qd8+ Kf7 49. Re7+ Kg6 50. Qd3+ Kh6 51. Qg3 Qc6+ 52. Kg1
Qc1+ 53. Re1 Qc6 54. Qe3+ Kh7 55. h3 Qb5 56. Kh2 Qb2+ 57. Re2 Qb5 58. Rg2 Qb7
59. Qe5 Qf7 60. Qf5+ Kh6 61. Kh1 g6 62. Qe5 Kh7 63. Kh2 Nh5 64. Rc2 Ng7 65. h5
gxh5 66. Qe4+ Nf5 67. Rf2 Kg6 68. Rg2+ Kh6 69. Rf2 Kg6 70. Qe5 Qd7 71. Rc2 Ng7
72. Qe4+ Nf5 73. Qc6+ Qxc6 74. Rxc6+ Kg5 75. Ra6 Kf4 76. Kg2 Ne3+ 77. Kf2 Nd1+
78. Ke1 Ne3 79. Ke2 Nf5 80. Kf2 Ng3 81. Ra4+ Ne4+ 82. Ke2 Kf5 83. Kf3 Ng5+ 84.
Kg3 Ne4+ 85. Kh4 Nf6 86. Ra5+ Kf4 87. Ra1 Kf5 88. Rf1+ Kg6 89. Kg3 Kg5 90. h4+
Kg6 91. Kf4 Nd5+ 92. Ke5 Ne3 93. Rf6+ Kg7 94. Ra6 Ng2 95. Ra4 Kg6 96. Re4 Kh6
97. Kf6 1-0

[Event "Russian Championship B21 2021"]
[Site "?"]
[Date "2021.04.21"]
[Round "1.6"]
[White "Pogosyan, Stefan"]
[Black "Shemyakin, Valeriy"]
[Result "1-0"]
[WhiteElo "2444"]
[BlackElo "2168"]
[PlyCount "59"]
[EventDate "2021.??.??"]

1. c4 Nc6 2. Nc3 e5 3. g3 g6 4. Bg2 Bg7 5. Nf3 f5 6. O-O Nf6 7. d3 O-O 8. Rb1
a5 9. a3 d6 10. b4 axb4 11. axb4 h6 12. b5 Ne7 13. Qb3 Kh8 14. c5 e4 15. cxd6
cxd6 16. dxe4 fxe4 17. Nd4 Nf5 18. Nxf5 gxf5 19. Rd1 Re8 20. Bf4 Be6 21. Qb4 d5
22. b6 Qe7 23. Qxe7 Rxe7 24. Be5 Rd7 25. Nb5 Ne8 26. Bf4 Ra2 27. Nc7 Bf7 28.
Bh3 Nd6 29. Nxd5 Nc4 30. Ne3 1-0